000 01184nam a22003257a 4500
003 CHAP
005 20220817044153.0
008 070618d2006 it rn 00010 eng d
010 _a93745
011 _a94717
020 _a9789251056363
035 _a105312
040 _cCHAP
082 0 0 _a338.181
_bF21yEs. v.8
110 2 _aFAO
245 1 4 _aThe role of local institutions in reducing vulnerability to recurrent natural disasters and in sustainable livelihoods development :
_bPhilippines
_c/preparado por the Asian Disaster Preparedness Center
260 _aRome :
_bFAO,
_c2006.
300 _a62 p. :
_bilus.
490 0 _aFAO. Instituciones para el desarrollo rural. Estudio de casos
_v; 8
590 _aBATCH-UPD
_b10
_c20130110
_lUCH01
_h0644
590 _aCONVERSION
_b10
_c20130109
_lUCH01
_h1352
650 1 4 _aDesarrollo sustentable.
650 1 4 _aDesastres naturales.
_932111
710 2 _aAsian Disaster Preparendness Center
_97949
830 0 _aFAO. Instituciones para el desarrollo rural. Estudio de casos
_v; 8
_939602
901 _aBK
905 _aLilia
942 _cLIBRO
949 _a338.181 F21yEs. v.8
_bBC
_cFAO
_d33724002022611
_eFAO1
_h113766
_i105312
_sb
999 _c93745
_d93745